000 00687cam a2200265 4500
001 J1838
008 090401t1993 xxu||||| |||| 00| 0 eng d
035 _a(Sirsi) u45697
041 _aeng
050 _a314.1
110 _aR. Watson and Sons
_91641
245 _aWatsons statistics. - September 1993 - December 1993
260 _aReigate, Surrey
_bR. Watson and Sons
_c1993
300 _a4 pt. ; 21cm.
350 _a0
520 _aPublished monthly.
650 _aBANK BASE RATES
650 _aINFLATION
650 _aINVESTMENT
650 _aPENSIONS
650 _aALL ITEMS RETAIL PRICES INDEX
690 _aECONOMIC AND SOCIAL
942 _n0
948 _c04/03/1997
999 _c91804
_d91804